Komunikačná stratégia vernostného programu pre zákazníkov DOMOSS TECHNIKA, a.s. Piešťany : Diplomová práca

Na minha lista:
Detalhes bibliográficos
Autor principal: Hudecová, Lucia (Author)
Outros Autores: Sakál, Peter, 1951- (xxx)
Formato: Manuscrito Livro
Idioma:eslovaco
Publicado em: Trnava : STU v Bratislave MtF KPIM, 2005
Assuntos:
Tags: Adicionar Tag
Sem tags, seja o primeiro a adicionar uma tag!

MARC

LEADER 00000ntm a22000003a 4500
001 stu94608
005 20160719154529.3
008 050621s2005----xo------------------slo-d
040 |a STU  |b slo 
041 0 |a slo 
044 |a xo 
100 1 |a Hudecová, Lucia  |4 aut 
245 1 |a Komunikačná stratégia vernostného programu pre zákazníkov DOMOSS TECHNIKA, a.s. Piešťany :  |b Diplomová práca 
260 |a Trnava :  |b STU v Bratislave MtF KPIM,  |c 2005 
300 |a 95 s  |c 1 disketa 
650 7 |a priemyselné inžinierstvo a manažment  |2 stusub 
650 7 |a marketing  |2 estusub 
650 7 |a komunikácia  |2 stusub 
700 1 |a Sakál, Peter,  |d 1951-  |4 xxx  |u M4000  |U MTF Materiálovotechnologická fakulta  |T MTF Ústav priemyselného inžinierstva a manažmentu  |X 325  |U M4000  |Y 84  |7 A000000325 
996 |b 284M052219  |c M*DP-5658  |l MMSKP  |s P  |a 0  |w stu94608_0001